| 000 | 01707cam a22004454i 4500 | ||
|---|---|---|---|
| 003 | PE-LiUPU | ||
| 005 | 20250825155942.0 | ||
| 008 | 150617s1989 sp rb 000 0 spa d | ||
| 020 | _a8427115652 | ||
| 035 | _a(Sirsi) i9788427115651 | ||
| 040 |
_aPE-LiUPU _bspa _cPE-LiUPU _erda |
||
| 049 | _aPRUA | ||
| 082 | 0 | 4 |
_a225.9 _bL957e _223 |
| 100 | 1 |
_aLumbreras Meabe, Juan María, _eautor. |
|
| 245 | 1 | 0 |
_aEn el país de Jesús : _bviaje a Tierra Santa / _cJuan María Lumbreras Meabe. |
| 264 | 1 |
_aBilbao : _bMensajero, _c1989. |
|
| 300 |
_a291 páginas ; _c19 centímetros. |
||
| 336 |
_atext _2rdacontent |
||
| 337 |
_aunmediated _2rdamedia |
||
| 338 |
_avolume _2rdacarrier |
||
| 504 | _aIncluye bibliografía. | ||
| 505 | 0 | _aRumbo a Israel -- ¡Oh Jerusalén! -- El muro de las lamentaciones -- El santo sepulcro -- La explanada del templo -- La ciudad antigua -- La Vía Dolorosa -- En las colinas de Sion y de Ofel -- El torrente Cedrón -- El Monte de Los Olivos -- Belén -- Alrededores de Jerusalén -- El Mar Muerto -- Jericó -- Samaria -- Nazaret -- Et-Tabga -- Las bienaventuranzas -- Cafarnaúm -- El Tabor y Caná -- De Tiberiades a Tel-Aviv -- Hebrón -- El Sinaí -- El regreso. | |
| 526 | _aSEG42 | ||
| 526 | _aSEG41 | ||
| 526 | _aSEG40 | ||
| 526 | _aSEG39 | ||
| 526 | _aP94 | ||
| 526 | _aP87 | ||
| 526 | _aP86 | ||
| 526 | _aP85 | ||
| 526 | _aP77 | ||
| 526 | _aP76 | ||
| 526 | _aP35 | ||
| 630 | 0 |
_aBiblia. _pNuevo Testamento _xDescripciones y viajes. _92418 |
|
| 651 | 2 | 4 |
_aTierra Santa _xDescripciones y viajes. _94288 |
| 910 | _ajck | ||
| 942 |
_2ddc _cBK |
||
| 980 |
_818226 _gJaime Vilcazán Jefe de Análisis Documental |
||
| 999 |
_c1977 _d1977 |
||